Finish the Lyrics (Disney) Quiz Stats

 Plays Quiz Updated Oct 12, 2016

Score 0/15 Timer 06:00
1 Play Today
Start End % Correct
Zip-a-Dee-Doo-Dah, zip-a-dee-ay, my oh my...what a wonderful day
88.2%
It means no worries...for the rest of your days
86.9%
Under the sea, under the sea, darling it's...better down where it's wetter
75.9%
When you wish upon a star, makes...no difference who you are
65.5%
Be our guest, be our guest! Put...our service to the test
64.4%
Cruella De Vil Cruella De Vil, if she doesn't scare you...no evil thing will
53.4%
Have you ever heard the wolf cry...to the blue corn moon
53.4%
Salagadoola mechicka boola bibbidi-bobbidi-boo, put 'em together and...what have you got
45.7%
Start End % Correct
The simple bare necessities, forget...about your worries and your strife
44.8%
Everybody wants to be a cat, because a cat's the only cat...who knows where it's at
43.1%
Feed the birds...Tuppence a bag
35%
If there's a prize for rotten judgement...I guess I've already won that
31.5%
I'm in the mood to help you dude...you ain't never had a friend like me
30.7%
My arms will hold you...keep you safe and warm
27.3%
Tranquil as a forest...but on fire within
23.6%

You're not logged in!

Compare scores with friends on all Sporcle quizzes.
OR
Log In

You Might Also Like...

Show Comments

Extras

Top Quizzes Today


Score Distribution

Your Account Isn't Verified!

In order to create a playlist on Sporcle, you need to verify the email address you used during registration. Go to your Sporcle Settings to finish the process.

Report this User

Report this user for behavior that violates our Community Guidelines.

Details: